<?xml version="1.0" encoding="UTF-8"?>
<record
    xmlns:xsi="http://www.w3.org/2001/XMLSchema-instance"
    xsi:schemaLocation="http://www.loc.gov/MARC21/slim http://www.loc.gov/standards/marcxml/schema/MARC21slim.xsd"
    xmlns="http://www.loc.gov/MARC21/slim">

  <leader>01099na  a2200349   4500</leader>
  <controlfield tag="001">22507</controlfield>
  <controlfield tag="003">MIRAKIL</controlfield>
  <controlfield tag="005">20190228221902.0</controlfield>
  <controlfield tag="008">170731b        tu  n0        0    0     </controlfield>
  <datafield tag="022" ind1=" " ind2=" ">
    <subfield code="a">1303-488X</subfield>
  </datafield>
  <datafield tag="035" ind1=" " ind2=" ">
    <subfield code="a">20919</subfield>
  </datafield>
  <datafield tag="040" ind1=" " ind2=" ">
    <subfield code="a">Milas</subfield>
    <subfield code="b">tur</subfield>
    <subfield code="c">TR-AnCHP</subfield>
  </datafield>
  <datafield tag="041" ind1=" " ind2=" ">
    <subfield code="a">tur</subfield>
  </datafield>
  <datafield tag="090" ind1=" " ind2=" ">
    <subfield code="a">079 T&#xDC;RK</subfield>
  </datafield>
  <datafield tag="222" ind1=" " ind2=" ">
    <subfield code="a">T&#xFC;rksolu</subfield>
  </datafield>
  <datafield tag="245" ind1=" " ind2=" ">
    <subfield code="a">T&#xFC;rksolu</subfield>
    <subfield code="b">siyasi gazete</subfield>
    <subfield code="c">ileri yay&#x131;nc&#x131;l&#x131;k</subfield>
  </datafield>
  <datafield tag="246" ind1=" " ind2=" ">
    <subfield code="a">T&#xFC;rksolu gazetesi</subfield>
  </datafield>
  <datafield tag="246" ind1=" " ind2=" ">
    <subfield code="a">T&#xFC;rk solu gazetesi</subfield>
  </datafield>
  <datafield tag="260" ind1=" " ind2=" ">
    <subfield code="a">&#x130;stanbul</subfield>
    <subfield code="b">&#x130;leri Yay&#x131;nlar&#x131;</subfield>
    <subfield code="c">2002-</subfield>
  </datafield>
  <datafield tag="300" ind1=" " ind2=" ">
    <subfield code="a">c.</subfield>
    <subfield code="b">rnk. res.</subfield>
    <subfield code="c">47sm.</subfield>
  </datafield>
  <datafield tag="310" ind1=" " ind2=" ">
    <subfield code="a">15 g&#xFC;nde bir</subfield>
  </datafield>
  <datafield tag="362" ind1=" " ind2=" ">
    <subfield code="a">y&#x131;l 12, say&#x131; 433 (19 Ocak 2014)-</subfield>
  </datafield>
  <datafield tag="500" ind1=" " ind2=" ">
    <subfield code="a">Online olarak eri&#x15F;ilebilir.</subfield>
  </datafield>
  <datafield tag="500" ind1=" " ind2=" ">
    <subfield code="a">Her say&#x131; &#xF6;zel ba&#x15F;l&#x131;k i&#xE7;ermektedir.</subfield>
  </datafield>
  <datafield tag="650" ind1=" " ind2=" ">
    <subfield code="a">Sol ideoloji</subfield>
    <subfield code="v">S&#xFC;reli yay&#x131;nlar</subfield>
    <subfield code="z">T&#xFC;rkiye</subfield>
  </datafield>
  <datafield tag="650" ind1=" " ind2=" ">
    <subfield code="a">Atat&#xFC;rk&#xE7;&#xFC;l&#xFC;k</subfield>
    <subfield code="v">S&#xFC;reli yay&#x131;nlar</subfield>
    <subfield code="z">T&#xFC;rkiye</subfield>
  </datafield>
  <datafield tag="650" ind1=" " ind2=" ">
    <subfield code="a">Siyaset ve y&#xF6;netim</subfield>
    <subfield code="x">S&#xFC;reli yay&#x131;nlar</subfield>
    <subfield code="z">T&#xFC;rkiye</subfield>
  </datafield>
  <datafield tag="651" ind1=" " ind2=" ">
    <subfield code="a">T&#xFC;rkiye</subfield>
    <subfield code="x">Siyaset ve y&#xF6;netim</subfield>
    <subfield code="y">Gazeteler</subfield>
  </datafield>
  <datafield tag="910" ind1=" " ind2=" ">
    <subfield code="a">GAZETE 4</subfield>
  </datafield>
  <datafield tag="942" ind1=" " ind2=" ">
    <subfield code="2">ddc</subfield>
    <subfield code="c">SER</subfield>
    <subfield code="s">1</subfield>
  </datafield>
  <datafield tag="952" ind1=" " ind2=" ">
    <subfield code="5">1</subfield>
    <subfield code="a">0001</subfield>
    <subfield code="b">0001</subfield>
    <subfield code="d">2017-02-15</subfield>
    <subfield code="f"> S&#xDC;REL&#x130; YAYINLAR</subfield>
    <subfield code="l">0</subfield>
    <subfield code="o">050 DER 81</subfield>
    <subfield code="p">G004</subfield>
    <subfield code="r">2017-02-15 00:00:00</subfield>
    <subfield code="v">0.00</subfield>
    <subfield code="w">2017-02-15</subfield>
    <subfield code="x"> </subfield>
    <subfield code="y">SER</subfield>
  </datafield>
  <datafield tag="999" ind1=" " ind2=" ">
    <subfield code="c">11333</subfield>
    <subfield code="d">11333</subfield>
  </datafield>
</record>
